| 000 | 00632cam a22002291 4500 | ||
|---|---|---|---|
| 001 | ne 65002493 | ||
| 003 | DLC | ||
| 005 | 20260227111819.0 | ||
| 008 | 891219s1965 le 000 0 ara c | ||
| 010 | _ane 65002493 | ||
| 035 | _a(OCoLC)20802460 | ||
| 040 |
_aPrinceton Univ. Libr. _cWaU _dWaU _dDLC |
||
| 042 | _apremarc | ||
| 043 | _aa-sy--- | ||
| 050 | 0 | 0 |
_aPJ8100 _b.J8 |
| 100 | 1 | _aJundī, Aḥmad. | |
| 245 | 1 | 0 |
_aShuʻarāʼ Sūrīyah _c[taʼlīf] Aḥmad al-Jundī. |
| 250 | _a[al-Ṭabʻah 1.] | ||
| 260 |
_aBayrūt, _bDār al-Kitāb al-Jadīd _c[1965] |
||
| 300 |
_a159 p. _c21 cm. |
||
| 650 | 0 |
_aArabic poetry _zSyria. |
|
| 999 |
_c48549 _d48549 |
||